| 000 -LEADER |
| fixed length control field |
01875 a2200289 4500 |
| 003 - CONTROL NUMBER IDENTIFIER |
| control field |
Nust |
| 005 - DATE AND TIME OF LATEST TRANSACTION |
| control field |
20170207154049.0 |
| 020 ## - INTERNATIONAL STANDARD BOOK NUMBER |
| International Standard Book Number |
0-470-52257-8 |
| 020 ## - INTERNATIONAL STANDARD BOOK NUMBER |
| International Standard Book Number |
978-0-470-52257-8 |
| 035 ## - SYSTEM CONTROL NUMBER |
| System control number |
(AU-PeEL)EBL448884 |
| 035 ## - SYSTEM CONTROL NUMBER |
| System control number |
(OCoLC)503549854 |
| 040 ## - CATALOGING SOURCE |
| Transcribing agency |
Nust |
| 082 00 - DEWEY DECIMAL CLASSIFICATION NUMBER |
| Classification number |
658.314 |
| -- |
658.314 |
| 100 1# - MAIN ENTRY--PERSONAL NAME |
| Personal name |
Brad Federman |
| 245 10 - TITLE STATEMENT |
| Title |
Employee Engagement (E-Book) |
| Medium |
[Elektronisk resurs] : |
| Remainder of title |
A Roadmap for Creating Profits, Optimizing Performance, and Increasing Loyalty. |
| Statement of responsibility, etc. |
Brad Federman |
| 260 ## - PUBLICATION, DISTRIBUTION, ETC. |
| Place of publication, distribution, etc. |
Hoboken : |
| Name of publisher, distributor, etc. |
John Wiley & Sons, Inc., |
| Date of publication, distribution, etc. |
2009. |
| 300 ## - PHYSICAL DESCRIPTION |
| Extent |
1 online resource (259 p.) |
| 500 ## - GENERAL NOTE |
| General note |
Description based upon print version of record. |
| 505 0# - FORMATTED CONTENTS NOTE |
| Formatted contents note |
Introduction (Page-xiii),Section One: Engagement Foundations (Page-1),Section Two: Engagement Applications (Page-103). |
| 520 ## - SUMMARY, ETC. |
| Summary, etc. |
"If you think you know everything it takes to attain associate/employee engagement, put yourself to the test. This book provides a holistic approach to engagement that will create the competitive edge required to succeed in this economy."-- Sharon S. Bilgischer, senior manager, logistics global talent, curriculum and documentation, Wal-Mart Stores, Inc. There is clear and mounting evidence that employee engagement keenly correlates to individual, group, and corporate performance in areas such as retention, productivity, customer service, and loyalty. This timely treatment provides a comprehens |
| 650 #4 - SUBJECT ADDED ENTRY--TOPICAL TERM |
| Topical term or geographic name entry element |
Employee motivation. |
| 650 #4 - SUBJECT ADDED ENTRY--TOPICAL TERM |
| Topical term or geographic name entry element |
Employees -- Attitudes. |
| 650 #4 - SUBJECT ADDED ENTRY--TOPICAL TERM |
| Topical term or geographic name entry element |
Management -- Employee participation. |
| 651 ## - SUBJECT ADDED ENTRY--GEOGRAPHIC NAME |
| Geographic name |
(E-Book) |
| 655 #0 - INDEX TERM--GENRE/FORM |
| Genre/form data or focus term |
Electronic books. |
| 856 40 - ELECTRONIC LOCATION AND ACCESS |
| Uniform Resource Identifier |
<a href="http://link.libris.kb.se/sfxcthb?url_ver=Z39.88-2004&ctx_ver=Z39.88-2004&ctx_enc=info:ofi/enc:UTF-8&rfr_id=info:sid/sfxit.com:opac_856&url_ctx_fmt=info:ofi/fmt:kev:mtx:ctx&sfx.ignore_date_threshold=1&rft.object_id=1000000000773850&svc_val_fmt=info:ofi/fmt:kev:mtx:sch_svc&">http://link.libris.kb.se/sfxcthb?url_ver=Z39.88-2004&ctx_ver=Z39.88-2004&ctx_enc=info:ofi/enc:UTF-8&rfr_id=info:sid/sfxit.com:opac_856&url_ctx_fmt=info:ofi/fmt:kev:mtx:ctx&sfx.ignore_date_threshold=1&rft.object_id=1000000000773850&svc_val_fmt=info:ofi/fmt:kev:mtx:sch_svc&</a> |
| 942 ## - ADDED ENTRY ELEMENTS (KOHA) |
| Source of classification or shelving scheme |
|
| Koha item type |
Book |